Sabrina Carpenter - Chansons commençant par S - Statistiques

Statistiques générales
  • Ce quiz a été pris 13 fois
    5 depuis la dernière actualisation
  • Le résultat moyen est 5 sur 14
Statistiques - réponses
Hint Réponse % Correct
S2 Slim Pickins
100%
S2 Sugar Talking
75%
S Sharpest Tool
50%
S2 Sue Me
50%
S santa doesn't know you like I do
25%
S Seamless
25%
S Shadows
25%
S Silver Nights
25%
S Skin
25%
S2 skinny dipping
25%
S2 Smoke and Fire
25%
S2 Space
25%
S Seems Like Loneliness
0%
S2 Such a Funny Way
0%
Aucun quiz correspondant
Distribution des résultats
% des personnes avec chaque résultat
Percentile par nombre de réponses
Votre historique - résultats
Vous n’avez pas pris ce quiz depuis la dernière actualisation